Clic Chronologie des acquis des femmes en France (1) - Statistiques

Statistiques générales
  • Ce quiz a été pris 8 fois
  • Le résultat moyen est 3 sur 40
Statistiques - réponses
Hint Réponse % Correct
Trois femmes entre au gouvernement 1936
60%
Les femmes nobles votent pour les Etats généraux en l'absence d'homme 1788
40%
La loi Duruy rend obligatoire une école de filles pour les communes de plus de cinq cents habitants 1867
20%
Le travail de nuit est interdit pour les filles de 13 à 21 ans ainsi que la présence des femmes dans les mines et les carrières 1874
20%
Madeleine Brès est la 1ère femme docteur en médecine 1875
20%
La loi Camille Sée institue un enseignement secondaire féminin d'État, de cinq ans avec un diplôme de fin d'études 1880
20%
L'école primaire est obligatoire pour les deux sexes 1882
20%
L'Ecole des Beaux-arts de Paris est ouverte aux femmes 1893
20%
Marie Curie reçoit le 1er prix Nobel décerné à une femme (physique) 1903
20%
Début du scoutisme pour les filles 1912
20%
Les femmes sont admises à l'Académie de peinture et de sculpture 1663
0%
Les femmes sont admises dans la corporation des tailleurs 1776
0%
Les femmes héritent à égalité avec les hommes 1791
0%
Le divorce par consentement mutuel est permis à la demande des hommes comme des femmes 1792
0%
Le principe du droit de vote des femmes est voté mais son application différée 1793
0%
Le viol devient un crime 1832
0%
Création de la 1ère école normale d'institutrices 1839
0%
Jeanne Deroin est candidate aux élections législatives, elle est la 1ère femme à se présenter 1849
0%
L'éducation primaire devient obligatoire pour les deux sexes 1850
0%
Julie Daubié est la première femme bachelière 1861
0%
Emma Chenu est la 1ère femme à obtenir une licence (mathématiques) 1868
0%
L'Académie Julian, qui forme des artistes, s'ouvre aux femmes 1873
0%
Un syndicat professionnel est ouvert aux femmes 1874
0%
La loi Paul Bert rend obligatoire l'entretien d'une école d'instituteurs et d'une école d'institutrices dans chaque département 1879
0%
Les universités sont ouvertes aux femmes sans restriction 1880
0%
Les femmes sont autorisées à ouvrir un livret de Caisse d'épargne et à y déposer de l'argent sans l'autorisation de leur mari, mais l'accord de celui-ci est nécessaire pour retirer de l'argent 1881
0%
Le premier lycée de Jeunes filles ouvre à Montpellier 1882
0%
Création du concours féminin d'agrégation 1884
0%
Nouvelle légalisation du divorce qui était interdit depuis 1816 1884
0%
Les femmes sont éligibles dans les conseils sur l'éducation 1886
0%
Le collège Sévigné à Paris prépare les premières jeunes filles au baccalauréat 1889
0%
Le travail de nuit est interdit aux femmes 1892
0%
Les femmes peuvent témoigner devant notaire et pour des actes d'état civil 1897
0%
Les femmes avocates sont autorisées à plaider 1900
0%
Création du Prix Fémina 1904
0%
Ouverture de la 1ère école publique d'infirmière 1907
0%
Lili Laskine est la 1ère femme instrumentiste à l'opéra de Paris 1909
0%
Les salaires des instituteurs et des institutrices deviennent égaux 1909
0%
Création d'un congé maternité de 8 semaines non rémunéré 1909
0%
Les femmes peuvent retirer librement l'argent de leur livret de Caisse d'épargne 1910
0%
Aucun quiz correspondant
Distribution des résultats
% des personnes avec chaque résultat
Percentile par nombre de réponses
Votre historique - résultats
Vous n’avez pas pris ce quiz